| 000 | 00530cam a2200205ua 4500 | ||
|---|---|---|---|
| 020 |
_a81 85680 21 3 _c600.00 |
||
| 041 |
_aeng _h |
||
| 082 |
_a631.42 _bSOM/SO |
||
| 100 | _aSomani, L L . | ||
| 245 |
_aSoil conditioners and amendments / _cL L Somani. _hTextual Documents |
||
| 250 |
_a1 / _b. |
||
| 260 |
_aUdaypur : _bAgro-tech publishing academy , _c1996. |
||
| 300 | _a320 ; . | ||
| 365 | _a600.00 | ||
| 504 | _a | ||
| 700 | 1 | _aTotawat, K L . | |
| 942 | _cBK | ||
| 999 |
_c7367 _d7367 |
||